Jonah Hill Movies - Statistics

General Stats
  • This quiz has been taken 18 times
  • The average score is 5 of 17
Answer Stats
Release Year Costars Movie % Correct
2007 Michael Cera, Bill Hader Superbad
94%
2013 Leonardo DiCaprio, Margot Robbie The Wolf of Wall Street
88%
2016 Miles Teller, Ana de Armas War Dogs
59%
2007 Seth Rogen, Paul Rudd Knocked Up
47%
2013 James Franco, Seth Rogen This Is The End
47%
2021 Leonardo DiCaprio, Jennifer Lawrence Don't Look Up
41%
2012 Ben Stiller, Vince Vaughn The Watch
29%
2010 Will Ferrell, Tina Fey Megamind
24%
2023 Eddie Murphy, Lauren London You People
24%
2016 Seth Rogen, Kristen Wiig Sausage Party
18%
2010 Jay Baruchel, America Ferrera How to Train Your Dragon
12%
2009 Ricky Gervais, Louis C.K. The Invention of Lying
12%
2015 James Franco, Felicity Jones True Story
12%
2006 Morgan Freeman, Paz Vega 10 Items or Less
6%
2011 Ari Graynor, Sam Rockwell Bad Sitter
6%
2018 Joaquin Phoenix, Rooney Mara Don't Worry, He Won't Get Far on Foot
6%
2008 Jim Carrey, Steve Carell Horton Hears A Who!
6%
No matching quizzes found
Score Distribution
Percent of People with Each Score
Percentile by Number Answered
Your Score History
You have not taken this quiz